Текст томруулах:    
Political implications of economic reform in communist systems (Бичлэгийн дугаар. 1609)
000 -УДИРДЛАГА
Удирдлага 00845 a2200277 4500
003 - ХЯНАЛТЫН ТОО ТОДОРХОЙЛОГЧ
Код MN-UlNUM
005 - БИЧИЛТ ХИЙСЭН ОГНОО
Тухайн бичилтийг бичсэн засварласан сүүлийн огноо 20260311163821.0
008 - ЕРӨНХИЙ МЭДЭЭЛЭЛ
Ерөнхий мэдээлэл 110605s1990 nyua b s001 0 eng
020 ## - ISBN
ISBN 0814711413
-- 0814711405
040 ## - БИЧЛЭГ ҮҮСГЭГЧ БАЙГУУЛЛАГА
Бичлэг үүсгэгч номын сангийн код МУИС-ийн номын сан
084 ## - ББК АНГИЛАЛ
ББК ангилал 66.2
Зохиогчийн гурван тэмдэгт P 80
Нэмэлт тусгалт Нэг сэдэвт бүтээл
Мэдлэгийн ялгаа 66 - Улс төр
245 10 - ҮНДСЭН ГАРЧИГ
Номын нэр Political implications of economic reform in communist systems
Оролцогчдын тухай мэдээ edited by Donna L. Bahry and Joel C. Moses
Бага гарчгийн мэдээ communist dialectic
260 ## - ГАРАЛТЫН МЭДЭЭ
Хэвлэгдсэн газар New York
Хэвлэлийн газар New York University Press
Хэвлэгдсэн он 1990
300 ## - МАТЕРИАЛЫН ТОДОРХОЙЛОЛТ
хуудасны тоо xiii, 358 p. :
Бусад тоон мэдээлэл ill. ;
Хэмжээ 24 cm
500 ## - Тайлбар
Дансны дугаар БС 4441
546 ## - ХЭЛНИЙ ТУХАЙ МЭДЭЭ
Хэл Англи хэл дээр,
653 ## - Түлхүүр үг
Түлхүүр үг economics
653 ## - Түлхүүр үг
Түлхүүр үг economic policy
653 ## - Түлхүүр үг
Түлхүүр үг communist countries
653 ## - Түлхүүр үг
Түлхүүр үг Soviet Union
700 ## - ХАМ ЗОХИОГЧИД
Ба бус Bahry, Donna
700 ## - ХАМ ЗОХИОГЧИД
Ба бус Moses, Joel C
942 ## - ЭЛЕМЕНТИЙН ТӨРӨЛ
Зүйлийн төрөл Ном